Kfz-Kennzeichen Hessen - Statistiken

Allgemein
  • Dieses Quiz wurde 71 mal gespielt
    27 seit der letzten Aktualisierung
  • Das Durchschnittsergebnis liegt bei 32 aus 43
Antwortstatistiken
Kennzeichen Stadt % Korrekt
F Frankfurt
100%
BÜD Büdingen
90%
DA Darmstadt
90%
FB Friedberg
90%
FD Fulda
90%
GI Gießen
90%
GG Groß-Gerau
90%
KS Kassel
90%
LDK Lahn-Dill-Kreis
90%
MKK Main-Kinzig-Kreis
90%
MTK Main-Taunus-Kreis
90%
MR Marburg
90%
OF Offenbach
90%
VB Vogelsberg
90%
WI Wiesbaden
90%
ESW Eschwege
80%
FKB Frankenberg
80%
FZ Fritzlar
80%
GN Gelnhausen
80%
LM Limburg
80%
RÜD Rüdesheim
80%
SLÜ Schlüchtern
80%
WZ Wetzlar
80%
BID Biedenkopf
70%
DI Dieburg
70%
DIL Dillenburg
70%
ERB Erbach
70%
HU Hanau
70%
HP Heppenheim
70%
HEF Hersfeld
70%
KB Korbach
70%
MEG Melsungen
70%
WIZ Witzenhausen
70%
HOG Hofgeismar
60%
HG Homburg
60%
SWA Schwalbach
60%
USI Usingen
60%
WEL Weilburg
60%
ZIG Ziegenhain
60%
ROF Rotenburg an der Fulda
50%
HR Homberg
40%
WA Waldeck
40%
WOH Wolfhagen
40%
Keine übereinstimmenden Quizze gefunden
Verteilung der Resultate
Anzahl Personen mit jedem Resultat
Perzentil nach korrekt beantworteten Fragen
Ihre Resultats-Entwicklung
Sie haben dieses Quiz seit der letzten Aktualisierung nicht gespielt